000
00463nam a2200145Ia 4500
008
100122s9999 xx 000 0 und d
082
_b
52814
_a
500
100
_a
मांडे अरुण
245
_a
विज्ञान गमंती
260
_b
मेहता पब्लिकेशन हाऊस
_c
1995
300
_a
73
630
_a
विज्ञान गमंती
730
_a
विज्ञान गमंती
942
_c
BOOK
999
_c
429975
_d
429972